A 21. század biztonsági kihívásai (kiemelten vizsgálva a migrációt és a terrorizmust, valamint a kettő kapcsolatát)

Bibliográfiai részletek
Szerző: Béres Dóra
További közreműködők: Nagy Dr. Milada
Dokumentumtípus: Diplomadolgozat
Kulcsszavak:Terrorizmus
Migrációs politika
Migráció
Biztonságpolitika
Online Access:http://dolgozattar.uni-bge.hu/20630

MARC

LEADER 00000nta a2200000 i 4500
001 dolg20630
005 20200415112047.0
008 190506suuuu hu om 000 hun d
040 |a BGE Dolgozattár Repozitórium  |b hun 
041 |a hu 
100 1 |a Béres Dóra 
245 1 2 |a A 21. század biztonsági kihívásai (kiemelten vizsgálva a migrációt és a terrorizmust, valamint a kettő kapcsolatát)  |c Béres Dóra  |h [elektronikus dokumentum] 
695 |a Terrorizmus 
695 |a Migrációs politika 
695 |a Migráció 
695 |a Biztonságpolitika 
700 1 |a Nagy Dr. Milada  |e ths 
856 4 0 |u http://dolgozattar.uni-bge.hu/20630/1/SZAKDOLGOZAT_B%C3%A9res%20D%C3%B3ra.pdf  |z Dokumentum-elérés